Vocabulary Click Quiz: Starting with B - Statistics

General Stats
  • This quiz has been taken 81 times
  • The average score is 13 of 20
Answer Stats
Hint Answer % Correct
Pirate buccaneer
89%
Crazy about books bibliomania
81%
Perplexed bemused
78%
Motivated by kindness and generousity benevolent
78%
Ask for earnestly beseech
78%
Regret bemoan
70%
Habitual grinding of the teeth bruxism
69%
Overly pompous or exaggerated bombastic
67%
Riotously drunken bacchanalian
65%
Speaker of 2 languages biglot
65%
Shaped like a sausage botuliform
65%
Thick fabric with a raised pattern brocade
65%
Annoy persistently beleaguer
63%
Disrespectfully bold brazen
63%
Extreme confusion bedlam
57%
Slow-moving bradykinetic
57%
Buttery butyraceous
56%
Kissing of the hand baisemain
52%
Showing a ready disposition to fight bellicose
52%
Useless, trivial work boondoggle
52%
No matching quizzes found
Score Distribution
Percent of People with Each Score
Percentile by Number Answered
Your Score History
You have not taken this quiz